000
00356nam a2200145Ia 4500
008
230312s9999||||xx |||||||||||||| ||und||
020
_a
9789696520115
082
_a
891.4
_b
NAJ-M
100
_a
ڈاکڑ نجم السحربٹ
245
0
_a
میری آخری جنگ
260
_b
Jamhori
_a
pak
_c
2015
300
_a
127
650
_a
Literature
942
_c
BK
999
_c
14919
_d
14919